000 01049nam a22002297a 4500
005 20210325205559.0
008 s2547 th tha d
020 _a9789745709786
041 _atha
090 _aKD42/2540 น927 2547
100 0 _aจิตติ ติงศภัทิย์
245 1 0 _aแนวทางความเป็นไปได้ และปัญหาในการแก้ไขรัฐธรรมนูญ
260 3 _aกรุงเทพฯ :
_bวิญญูชน,
_c2547
300 _a87 หน้า :
_b ภาพประกอบ ;
_c 21 ซม.
650 0 4 _aรัฐธรรมนูญไทย -- 2540 -- แนวทางการแก้ไข
650 0 4 _aการแก้ไขรัฐธรรมนูญ
850 _aNALT
942 _cLB
997 _a39533 ฉ.1 / 39534 ฉ.2
_kVC
997 _c000000000063871
998 _aนางสาวจำเรียง ประสงค์ดี
999 _c63871
_d63871